Billboard Hot Rock Year-End Singles of 2019 - Statistics

General Stats
  • This quiz has been taken 4 times
  • The average score is 26 of 100
Answer Stats
Position on Year-End Peak Weeks On Artist(s) Song % Correct
7 #2 10 Weeks Queen Bohemian Rhapsody
100%
1 #1 (41 Weeks) 52 Weeks Panic! At The Disco High Hopes
100%
15 #5 22 Weeks The Black Keys Lo/Hi
100%
16 #5 20 Weeks YUNGBLUD & Halsey ft. Travis Barker 11 Minutes
67%
17 #4 10 Weeks Queen Another One Bites the Dust
67%
5 #2 38 Weeks Imagine Dragons Bad Liar
67%
6 #3 37 Weeks twenty one pilots Chlorine
67%
25 #7 10 Weeks Queen Don't Stop Me Now
67%
40 #10 22 Weeks The Black Keys Go
67%
2) #1 (11 Weeks) 38 Weeks Panic! At The Disco Hey Look Ma, I Made It
67%
14 #4 15 Weeks twenty one pilots My Blood
67%
3 #2 38 Weeks Imagine Dragons Natural
67%
13 #7 21 Weeks George Ezra Shotgun
67%
20 #5 10 Weeks Queen Somebody to Love
67%
31 #8 10 Weeks Queen & David Bowie Under Pressure
67%
21 #4 24 Weeks Slipknot Unsainted
67%
9 #7 26 Weeks AJR 100 Bad Days
33%
96 #6 8 Weeks Rex Orange County 10/10
33%
70 #7 12 Weeks Highly Suspect 16
33%
29 #8 23 Weeks Of Monsters And Men Alligator
33%
91 #24 14 Weeks Disturbed A Reason to Fight
33%
93 #18 9 Weeks Disturbed Are You Ready
33%
54 #21 20 Weeks Mumford & Sons Beloved
33%
74 #9 14 Weeks Blink-182 Blame It On My Youth
33%
26 #3 17 Weeks Ed Sheeran with Chris Stapleton & Bruno Mars BLOW
33%
11 #2 16 Weeks Five Finger Death Punch ft. Kenny Wayne Sheppard, Brantley Gilbert & Brian May Blue on Black
33%
57 #10 20 Weeks Tame Impala Borderline
33%
4 #3 22 Weeks lovelytheband Broken
33%
61 #19 10 Weeks Queen Crazy Little Thing Called Love
33%
58 #20 10 Weeks Queen Fat Bottomed Girls
33%
66 #6 9 Weeks Green Day Father of All...
33%
59 #12 13 Weeks Shinedown Get Up
33%
10 #5 26 Weeks The Lumineers Gloria
33%
18 #5 18 Weeks Mumford & Sons Guiding Light
33%
8 #3 22 Weeks Machine Gun Kelly x YUNGBLUD x Travis Barker I Think I'm OKAY
33%
50 #16 10 Weeks Queen I Want to Break Free
33%
49 #12 18 Weeks Bastille Joy
33%
37 #12 10 Weeks Queen Killer Queen
33%
60 #15 20 Weeks Volbeat Last Day Under the Sun
33%
99 #29 14 Weeks Skillet Legendary
33%
45 #15 20 Weeks Catfish And The Bottlemen Longshot
33%
79 #18 13 Weeks Imagine Dragons Machine
33%
39 #10 20 Weeks Shinedown Monsters
33%
98 #3 3 Weeks Coldplay Orphans
33%
68 #16 15 Weeks James Bay ft. Julia Michaels Peer Pressure
33%
55 #17 10 Weeks Queen Radio Ga Ga
33%
12 #7 22 Weeks Cage The Elephant Ready to Let Go
33%
63 #22 20 Weeks Bad Wolves Remember When
33%
48 #9 15 Weeks The Glorious Sons S.O.S. (Sawed Off Shotgun)
33%
83 #11 9 Weeks Weezer The End of the Game
33%
33 #3 16 Weeks twenty one pilots The Hype
33%
34 #11 10 Weeks Queen We Are The Champions
33%
22 #6 10 Weeks Queen We Will Rock You
33%
77 #13 12 Weeks Godsmack When Legends Rise
33%
82 #29 15 Weeks Five Finger Death Punch When the Seasons Change
33%
71 #18 15 Weeks Foster The People Worst Nites
33%
88 #27 17 Weeks Korn You'll Never Find Me
33%
52 #12 19 Weeks Greta Van Fleet You're the One
33%
46 #9 12 Weeks Imagine Dragons Zero
33%
56 #19 20 Weeks Barns Courtney "99"
0%
89 #33 13 Weeks Slipknot All Out Life
0%
30 #9 27 Weeks Hozier Almost (Sweet Music)
0%
76 #33 20 Weeks Wallows ft. Clairo Are You Bored Yet?
0%
90 #16 9 Weeks The Struts Body Talks
0%
51 #24 23 Weeks I Prevail Breaking Down
0%
94 #3 7 Weeks John Mayer Carry Me Away
0%
19 #3 31 Weeks Matt Maeson Cringe
0%
64 #17 17 Weeks Ghost Dance Macabre
0%
100 #13 9 Weeks Fall Out Boy Dear Future Self (Hands Up)
0%
36 #3 14 Weeks Tool Fear Inoculum
0%
78 #22 16 Weeks Smith & Thell ft. Swedish Jam Factory Forgive Me Friend
0%
73 #25 16 Weeks Queen Hammer to Fall (Live Aid)
0%
35 #5 20 Weeks Vampire Weekend Harmony Hall
0%
72 #24 17 Weeks morgxn ft. WALK THE MOON Home
0%
23 #11 26 Weeks Oliver Tree Hurt
0%
69 #6 11 Weeks John Mayer I Guess I Just Feel Like
0%
80 #19 16 Weeks The 1975 It's Not Living (If It's Not With You)
0%
47 #10 13 Weeks The 1975 Love It If We Made It
0%
87 #22 16 Weeks Oliver Tree Miracle Man
0%
32 #11 24 Weeks The Head And The Heart Missed Connection
0%
38 #14 22 Weeks Hozier Movement
0%
85 #27 14 Weeks Death Cab For Cutie Northern Lights
0%
65 #8 15 Weeks Dermot Kennedy Outnumbered
0%
75 #10 15 Weeks Tame Impala Patience
0%
95 #4 8 Weeks Tool Pneuma
0%
67 #21 20 Weeks Dermot Kennedy Power Over Me
0%
43 #14 19 Weeks Muse Pressure
0%
81 #26 18 Weeks Beach Bunny Prom Queen
0%
53 #23 20 Weeks Queen Radio Ga Ga (Live Aid)
0%
41 #5 19 Weeks Cage The Elephant Social Cues
0%
97 #8 8 Weeks Slipknot Solway Firth
0%
62 #21 20 Weeks half•alive Still Feel
0%
24 #10 23 Weeks Young The Giant Superposition
0%
44 #12 18 Weeks Panic! At The Disco The Greatest Show
0%
42 #11 21 Weeks Vampire Weekend This Life
0%
28 #6 26 Weeks Godsmack Under Your Scars
0%
86 #26 14 Weeks Queen We Are The Champions (Live Aid)
0%
84 #27 18 Weeks Local Natives When Am I Gonna Lose You
0%
92 #22 14 Weeks Judah & The Lion Why Did You Run?
0%
27 #5 14 Weeks flora cash You're Somebody Else
0%
No matching quizzes found
Score Distribution
Percent of People with Each Score
Percentile by Number Answered
Your Score History
You have not taken this quiz